000 00333 a2200145 4500
001 169541
020 _a
040 _cMagnum
100 _aMiranda, Heloisa de Resende Pires
240 1 0 _aNossos filhos e seus problemas
_lpor
245 1 0 _aNossos filhos e seus problemas
362 0 _a1899
697 _aPSICOLOGIA
942 _cBK
999 _c169541
_d169541